000 00468nam a2200169 a 4500
001 0000-8556
003 ELIB.Books
008 110520 1920
035 _a(ELIB.Books)0000-8702
082 _a268.6
_bEgg
100 _aEggleston, Margaret W.
245 _aThe Use of the story in Religious Education
260 _bNew York: Doubleday, Doran & Company
_c1920
650 _aChristian Education
942 _2ddc
_cBK
998 _cbat
_e2011-05-20
999 _c8556
_d8556